00571nam a2200205 a 4500001001300000003000900013005001700022008004100039020002500080082001500105100002200120245005900142260005700201300000900258500003500267505001000302650001600312650001500328700002200343nice12345678IN_TiNIC20260116012241.0050524s1985 nota grp 000 0 eng  a0268561 c587.500a149.7bCOL aCollins, Arthur W aThought and Natureb Studies in Rationalist Philosophy aNotre Dame inbUniversity of Notre Dame Press c1985 a248p aincludes index and biblioraphy2 aIndex aRationalism aEmpiricism1 aCollins, Arthur W